{"text_format":"3","workbook":"xls","n_sheets":1,"sheets":["明细表"],"read":"whole","date_system":"1900","formulas":"cached_only"}

{"sheet":"明细表","index":0,"n_rows":31,"n_cols":10,"rows_kept":31,"merged":[[0,0,0,9],[27,0,27,5],[27,6,27,9],[30,0,30,9]],"flags":["formulas_cached_only"]}
["2024-2025-2学年基础课部 体育耗材 采购清单"]
["序号","实验项目","耗材名称","品牌型号","规格/主要参数","购置数量","参考单价（元）","单位","单项控制价（元）","备注"]
[1,"体育课、训练、体测","篮球","李宁","7号",40,100,"个",4000]
[2,"体育课、训练、体测","足球","李宁","5号",30,70,"个",2100]
[3,"体育课、训练、体测","排球",null,"中考用球",30,45,"个",1350]
[4,"体育课、训练、体测","球网兜【兜球用】",null,null,20,30,"个",600,"尼龙绳加粗耐用"]
[5,"体育课、训练、体测","坐位体前屈仪器",null,null,4,38,"个",152]
[6,"体育课、训练、体测","身高体重测试仪器",null,null,2,200,"个",400]
[7,"体育课、训练、体测","秒表","天福","三排60道",5,140,"块",600]
[8,"体育课、训练、体测","肺活量测试仪器手持款","中考款",null,4,72,"个",288]
[9,"体育课、训练、体测","肺活量测试吹嘴",null,null,3000,0.25,"个",750]
[10,"体育课、训练、体测","羽毛球","得力",null,40,50,"桶",2000]
[11,"体育课、训练、体测","羽毛球拍",null,null,30,50,"只",1500]
[12,"体育课、训练、体测","乒乓球",null,null,100,0.35,"只",35,"一大包100个"]
[13,"体育课、训练、体测","篮球网","加粗型篮网",null,10,40,"个",400]
[14,"体育课、训练、体测","音响","SANSUI 山水SS88","带单话筒",2,550,"个",1100]
[15,"体育课、训练、体测","足球网",null,"11人制",5,160,"个",800]
[16,"体育课、训练、体测","小足球网",null,"7人制",8,150,"个",1200]
[17,"体育课、训练、体测","口哨","李宁","无核",13,35,"个",455]
[18,"体育课、训练、体测","篮球记分牌",null,null,2,200,"个",400,"带架子"]
[19,"体育课、训练、体测","足球角球旗杆子",null,null,4,30,"个",120,"人工草坪，不可移动"]
[20,"体育课、训练、体测","足球角球旗杆子",null,null,8,35,"个",280,"自然草坪，可移动"]
[21,"体育课、训练、体测","足球裁判红黄牌",null,null,4,10,"副",40]
[22,"体育课、训练、体测","羽毛球网",null,null,10,70,"个",700]
[23,"体育课、训练、体测","分组训练服马甲",null,null,60,4,"件",240,"红色、荧光绿、黄色、蓝色各15件"]
[24,"舞蹈表演技能大赛","小茉莉或众爱舞蹈训练服",null,null,12,1200,"套",1200]
[25,"舞蹈表演技能大赛","小茉莉或众爱舞蹈训练鞋",null,null,30,50,"双",1500]
["总控制价（元）：",{"$nulls":5},22210]
[]
[]
["注：1.此表单价为参考价格，报价不得超过控制价；2.可将此表修改为报价单，但其中序号、耗材品名、型号规格、单位、数量不得修改。"]